[Event "Frederica Chess IM 2022"]
[Site "Fredericia"]
[Date "2022.05.28"]
[Round "6.4"]
[White "Thorsbro, Peter"]
[Black "Egilstoft, Rogvi"]
[Result "0-1"]
[WhiteElo "2192"]
[BlackElo "2334"]
[PlyCount "60"]
[EventDate "2022.05.25"]
[EventType "tourn"]
[EventRounds "9"]
[EventCountry "DEN"]

1. Nf3 d6 2. d4 Bg4 3. e4 Nd7 4. Be2 c6 5. c4 e5 6. Be3 Be7 7. O-O Bxf3 8. Bxf3
Bg5 9. Nc3 Bxe3 10. fxe3 Ngf6 11. b4 O-O 12. c5 Qe7 13. Qc2 b6 14. d5 bxc5 15.
dxc6 cxb4 16. Nd5 Nxd5 17. exd5 Nc5 18. Qd2 e4 19. Be2 Rfb8 20. Rac1 Qc7 21.
Rc4 a5 22. Qd4 b3 23. Rxc5 dxc5 24. Qxc5 b2 25. d6 Qb6 26. Qd5 Qxe3+ 27. Kh1
b1=Q 28. c7 Qxe2 29. cxb8=Q+ Rxb8 30. Qxf7+ Kh8 0-1

[Event "Frederica Chess IM 2022"]
[Site "Fredericia"]
[Date "2022.05.28"]
[Round "6.5"]
[White "Boe, Mads"]
[Black "Vinther Schou, Uffe"]
[Result "1/2-1/2"]
[WhiteElo "2293"]
[BlackElo "2321"]
[PlyCount "38"]
[EventDate "2022.05.25"]
[EventType "tourn"]
[EventRounds "9"]
[EventCountry "DEN"]

1. e4 c6 2. d4 d5 3. Nc3 dxe4 4. Nxe4 Bf5 5. Ng3 Bg6 6. Nh3 e6 7. Nf4 Bd6 8. h4
Qc7 9. Nxg6 hxg6 10. Ne4 Bf4 11. Bxf4 Qxf4 12. Ng5 Nf6 13. g3 Qc7 14. Qd2 Nbd7
15. O-O-O Nh7 16. Ne4 Nhf6 17. Ng5 Nh7 18. Ne4 Nhf6 19. Ng5 Nh7 1/2-1/2

[Event "Frederica Chess IM 2022"]
[Site "Fredericia"]
[Date "2022.05.28"]
[Round "7.1"]
[White "Storme, Isak"]
[Black "Thorsbro, Peter"]
[Result "1-0"]
[WhiteElo "2388"]
[BlackElo "2192"]
[PlyCount "89"]
[EventDate "2022.05.25"]
[EventType "tourn"]
[EventRounds "9"]
[EventCountry "DEN"]

1. e4 e5 2. Nf3 Nc6 3. Bb5 a6 4. Ba4 Nf6 5. d3 b5 6. Bb3 Be7 7. a4 Rb8 8. axb5
axb5 9. O-O O-O 10. Re1 h6 11. Nc3 Re8 12. Nd5 Nxd5 13. exd5 Nd4 14. Nxd4 exd4
15. Qg4 Rb6 16. Qxd4 Bc5 17. Rxe8+ Qxe8 18. Qe4 Qxe4 19. dxe4 Rf6 20. Be3 Bxe3
21. fxe3 Ra6 22. Rxa6 Bxa6 23. e5 d6 24. exd6 cxd6 25. e4 f5 26. exf5 Kf7 27.
Kf2 Kf6 28. Ke3 Ke5 29. g4 Bb7 30. c3 Bc8 31. Ba2 h5 32. h3 hxg4 33. hxg4 Bb7
34. b4 Ba6 35. Bb3 Bc8 36. c4 Ba6 37. c5 Bb7 38. c6 Bc8 39. Ba2 Ba6 40. Kf3 Bc8
41. Kg3 Ke4 42. Kh4 Kf4 43. Kh5 Ba6 44. Bb1 Bc8 45. Kg6 1-0

[Event "Frederica Chess IM 2022"]
[Site "Fredericia"]
[Date "2022.05.28"]
[Round "7.2"]
[White "Ramsdal, Jens Albert"]
[Black "Vinther Schou, Uffe"]
[Result "1-0"]
[WhiteElo "2267"]
[BlackElo "2321"]
[PlyCount "83"]
[EventDate "2022.05.25"]
[EventType "tourn"]
[EventRounds "9"]
[EventCountry "DEN"]

1. d4 Nf6 2. c4 e6 3. Nc3 Bb4 4. Qc2 d6 5. Bd2 Nbd7 6. Nf3 O-O 7. a3 Bxc3 8.
Bxc3 c5 9. Rd1 Qe7 10. dxc5 Nxc5 11. Ng5 e5 12. b4 Ne6 13. Ne4 Rd8 14. e3 Ne8
15. Ng3 b6 16. Be2 Bb7 17. O-O Rac8 18. f4 exf4 19. exf4 d5 20. Bd3 d4 21. Bd2
h6 22. Rde1 Qf8 23. f5 Ng5 24. f6 Nxf6 25. Rxf6 gxf6 26. h4 Re8 27. Rf1 Qd6 28.
Bf4 Qc6 29. hxg5 fxg5 30. Bc1 Re5 31. Qf2 Rc7 32. Nf5 Rd7 33. Qg3 Re6 34. Bb2
Rf6 35. Qb8+ Bc8 36. Qe5 Qe6 37. Qg3 Qe8 38. Re1 Qd8 39. Qe5 Bb7 40. Qe8+ Qxe8
41. Rxe8+ Kh7 42. Ne7+ 1-0

[Event "Frederica Chess IM 2022"]
[Site "Fredericia"]
[Date "2022.05.28"]
[Round "7.3"]
[White "Bogdanov, Egor"]
[Black "Fries Nielsen, Jens Ove"]
[Result "1/2-1/2"]
[WhiteElo "2415"]
[BlackElo "2370"]
[PlyCount "67"]
[EventDate "2022.05.25"]
[EventType "tourn"]
[EventRounds "9"]
[EventCountry "DEN"]

1. e4 d5 2. exd5 Qxd5 3. Nc3 Qe5+ 4. Nge2 Nf6 5. d4 Qa5 6. g3 Bg4 7. Bg2 Nc6 8.
h3 Bxe2 9. Bxc6+ bxc6 10. Qxe2 e6 11. O-O Bd6 12. Qf3 O-O 13. Kg2 c5 14. d5
Nxd5 15. Nxd5 exd5 16. Qxd5 Rad8 17. Qf5 Qa6 18. Be3 Qb7+ 19. Kg1 Qxb2 20. c4
Rfe8 21. Rfd1 g6 22. Qf3 Qc2 23. Rac1 Qb2 24. Rd5 Re6 25. Rcd1 Qxa2 26. Bxc5
Qxc4 27. Bxa7 Rde8 28. Be3 h5 29. Kg2 Rb8 30. R5d4 Qb5 31. Rd5 Qe8 32. Bc5 Bxc5
33. Rxc5 c6 34. Rdc1 1/2-1/2

[Event "Frederica Chess IM 2022"]
[Site "Fredericia"]
[Date "2022.05.28"]
[Round "7.4"]
[White "Hilwerda, Jonas"]
[Black "Easwaralingam, Adesh"]
[Result "0-1"]
[WhiteElo "2275"]
[BlackElo "2116"]
[PlyCount "68"]
[EventDate "2022.05.25"]
[EventType "tourn"]
[EventRounds "9"]
[EventCountry "DEN"]

1. e4 c5 2. Nf3 e6 3. d4 cxd4 4. Nxd4 Nc6 5. Nc3 Qc7 6. Be3 a6 7. g4 b5 8. Nxc6
Qxc6 9. Qd2 b4 10. Ne2 Qxe4 11. Rg1 Qc6 12. O-O-O Bb7 13. Nf4 d5 14. Bd4 Nf6
15. Bd3 O-O-O 16. Nh5 Ne4 17. Qe3 f6 18. Bxe4 dxe4 19. g5 f5 20. Nxg7 f4 21.
Qb3 Bxg7 22. Bxg7 Rhg8 23. Bf6 Rxd1+ 24. Rxd1 a5 25. Qh3 Kb8 26. Be5+ Ka8 27.
Rd6 Qb5 28. Bxf4 Bd5 29. Qe3 Rc8 30. Rb6 Qc4 31. c3 Qf1+ 32. Kd2 Qc4 33. Bd6
Bb7 34. cxb4 Qc1+ 0-1

[Event "Frederica Chess IM 2022"]
[Site "Fredericia"]
[Date "2022.05.28"]
[Round "7.5"]
[White "Egilstoft, Rogvi"]
[Black "Boe, Mads"]
[Result "0-1"]
[WhiteElo "2334"]
[BlackElo "2293"]
[PlyCount "104"]
[EventDate "2022.05.25"]
[EventType "tourn"]
[EventRounds "9"]
[EventCountry "DEN"]

1. e4 c6 2. g3 d5 3. Bg2 dxe4 4. Nc3 Nf6 5. Nxe4 Nxe4 6. Bxe4 Nd7 7. Bg2 Nf6 8.
Nf3 Bf5 9. d4 e6 10. O-O Be7 11. Re1 h6 12. b3 O-O 13. Bb2 Qc7 14. Qe2 a5 15.
a3 Rfd8 16. h3 Rac8 17. c4 Bf8 18. Ne5 Re8 19. Qf3 Re7 20. Bc3 Nd7 21. Nd3 Ree8
22. Re2 Bh7 23. Bb2 Red8 24. Rd1 c5 25. d5 exd5 26. Qxd5 a4 27. Red2 Nb6 28.
Qxb7 Qxb7 29. Bxb7 Rc7 30. Bd5 axb3 31. Nc1 Nxd5 32. Rxd5 Rxd5 33. Rxd5 Be7 34.
Kf1 Rb7 35. Rd2 Bc2 36. Ke2 Bf6 37. Bxf6 gxf6 38. Rxc2 bxc2 39. Kd2 Ra7 40.
Kxc2 Rxa3 41. Nd3 Ra5 42. Kd2 f5 43. Ke3 Kg7 44. g4 Kf6 45. f3 Ra4 46. Nxc5
Rxc4 47. Nd3 Rc3 48. f4 Ra3 49. Ke2 Ke6 50. Nf2 fxg4 51. hxg4 f5 52. gxf5+ Kxf5
0-1

[Event "Frederica Chess IM 2022"]
[Site "Fredericia"]
[Date "2022.05.29"]
[Round "8.2"]
[White "Thorsbro, Peter"]
[Black "Ramsdal, Jens Albert"]
[Result "1-0"]
[WhiteElo "2192"]
[BlackElo "2267"]
[PlyCount "147"]
[EventDate "2022.05.25"]
[EventType "tourn"]
[EventRounds "9"]
[EventCountry "DEN"]

1. d4 e6 2. Nf3 c5 3. g3 Nc6 4. Bg2 Qb6 5. e3 Nf6 6. O-O Be7 7. c4 cxd4 8. exd4
d5 9. c5 Qd8 10. Nc3 O-O 11. Rb1 Ne4 12. Qc2 e5 13. Nxe4 dxe4 14. Qxe4 exd4 15.
b4 Bf6 16. Bf4 Re8 17. Qd3 g6 18. Qd2 Bf5 19. Rbe1 Qd7 20. b5 Nd8 21. Rxe8+
Qxe8 22. Nxd4 Bxd4 23. Qxd4 Ne6 24. Qb4 Nxf4 25. gxf4 Rb8 26. Re1 Qf8 27. Qc3
Rc8 28. c6 bxc6 29. bxc6 Qd6 30. Qe5 Qxe5 31. fxe5 Kf8 32. f4 Ke7 33. Re3 Be6
34. Ra3 Rc7 35. Ra4 f6 36. Kf2 fxe5 37. fxe5 g5 38. Ke3 h5 39. a3 Bc8 40. Bd5
Be6 41. Kd4 h4 42. Rb4 Bc8 43. Rb7 Kd8 44. Rxc7 Kxc7 45. Kc5 Bf5 46. e6 g4 47.
e7 Bg6 48. Be6 g3 49. hxg3 hxg3 50. Bd5 a6 51. Bg2 Bf7 52. Bf3 Be8 53. Kb4 Kb6
54. Kc4 Kc7 55. Kc5 Bf7 56. Be4 Be8 57. Kd4 Kd6 58. Kc4 Kc7 59. Kd4 Kd6 60. Ke3
Kxe7 61. c7 Bd7 62. Bb7 a5 63. a4 Kd6 64. c8=Q Bxc8 65. Bxc8 Ke5 66. Kf3 Kd4
67. Kxg3 Ke3 68. Bb7 Kd4 69. Kf4 Kc5 70. Ke5 Kb6 71. Bc8 Kc6 72. Kd4 Kd6 73.
Kc4 Kc6 74. Bg4 1-0

[Event "Frederica Chess IM 2022"]
[Site "Fredericia"]
[Date "2022.05.29"]
[Round "8.3"]
[White "Vinther Schou, Uffe"]
[Black "Hilwerda, Jonas"]
[Result "1-0"]
[WhiteElo "2321"]
[BlackElo "2275"]
[PlyCount "77"]
[EventDate "2022.05.25"]
[EventType "tourn"]
[EventRounds "9"]
[EventCountry "DEN"]

1. e4 c5 2. Nf3 Nc6 3. Bb5 g6 4. c3 Nf6 5. Qe2 e5 6. O-O Bg7 7. d3 O-O 8. a3
Qc7 9. b4 cxb4 10. axb4 d5 11. Bg5 dxe4 12. dxe4 Nh5 13. g3 Bg4 14. Nbd2 Rfc8
15. Bc4 Nd8 16. Rfc1 Kh8 17. Bd5 Nf6 18. Bb3 Nh5 19. Ra5 Nc6 20. Raa1 f5 21.
Be6 Rf8 22. Qc4 Qd6 23. Be3 Rf6 24. Ng5 Nd8 25. exf5 Bxf5 26. Bd5 Rc8 27. Qb3
Rf8 28. Bc5 Rxc5 29. bxc5 Qxc5 30. Nge4 Bxe4 31. Nxe4 Qe7 32. Rxa7 Nf6 33. Nxf6
Bxf6 34. Qb4 Qg7 35. Ra8 Be7 36. Qb6 Qh6 37. Rd1 Qh5 38. Bb3 Qg5 39. h4 1-0

[Event "Frederica Chess IM 2022"]
[Site "Fredericia"]
[Date "2022.05.29"]
[Round "8.5"]
[White "Easwaralingam, Adesh"]
[Black "Egilstoft, Rogvi"]
[Result "1/2-1/2"]
[WhiteElo "2116"]
[BlackElo "2334"]
[PlyCount "84"]
[EventDate "2022.05.25"]
[EventType "tourn"]
[EventRounds "9"]
[EventCountry "DEN"]

1. e4 e5 2. Nf3 Nc6 3. Bb5 a6 4. Ba4 Bc5 5. O-O Nge7 6. c3 Ba7 7. h3 O-O 8. d4
d6 9. Bg5 f6 10. Bc1 Kh8 11. Bc2 Qe8 12. d5 Nb8 13. Be3 Qh5 14. Nh2 Qg6 15. Kh1
Bxe3 16. fxe3 Nd7 17. Nd2 Nb6 18. b4 a5 19. a3 axb4 20. cxb4 Qh6 21. Rf3 Bd7
22. a4 Ng6 23. a5 Nc8 24. Qe2 Nce7 25. Ndf1 Rac8 26. Rd1 Nh4 27. Rf2 f5 28.
exf5 Nexf5 29. Nf3 Ng6 30. Kg1 Rf7 31. Bxf5 Bxf5 32. N1h2 Rcf8 33. Rd2 e4 34.
Nd4 Ne5 35. Rxf5 Rxf5 36. Nxf5 Rxf5 37. Rd4 Qh4 38. Ng4 h6 39. Nf2 Qg3 40. Rxe4
Nf3+ 41. Kf1 Nh2+ 42. Kg1 Nf3+ 1/2-1/2

[Event "Frederica Chess IM 2022"]
[Site "Fredericia"]
[Date "2022.05.29"]
[Round "9.2"]
[White "Ramsdal, Jens Albert"]
[Black "Bogdanov, Egor"]
[Result "0-1"]
[WhiteElo "2267"]
[BlackElo "2415"]
[PlyCount "36"]
[EventDate "2022.05.25"]
[EventType "tourn"]
[EventRounds "9"]
[EventCountry "DEN"]

1. Nf3 Nf6 2. c4 g6 3. Nc3 Bg7 4. e4 d6 5. d4 O-O 6. h3 e5 7. d5 Nh5 8. Nd2 Qe8
9. Qc2 f5 10. Be2 Nf4 11. Bf3 Na6 12. a3 Nc5 13. O-O g5 14. b4 g4 15. hxg4 fxg4
16. bxc5 gxf3 17. Nxf3 Nh3+ 18. gxh3 Rxf3 0-1

[Event "Frederica Chess IM 2022"]
[Site "Fredericia"]
[Date "2022.05.29"]
[Round "9.3"]
[White "Egilstoft, Rogvi"]
[Black "Vinther Schou, Uffe"]
[Result "0-1"]
[WhiteElo "2334"]
[BlackElo "2321"]
[PlyCount "76"]
[EventDate "2022.05.25"]
[EventType "tourn"]
[EventRounds "9"]
[EventCountry "DEN"]

1. e4 c5 2. c3 Nf6 3. e5 Nd5 4. d4 cxd4 5. cxd4 d6 6. Bc4 Nb6 7. Bb5+ Bd7 8. e6
Bxb5 9. Qh5 Qc8 10. Qxb5+ Kd8 11. Be3 fxe6 12. Nc3 Qc4 13. Qg5 Nc6 14. Nge2 g6
15. O-O Bg7 16. Rfe1 Kd7 17. Rad1 Raf8 18. Qg4 Nd5 19. b3 Nxe3 20. fxe3 Qb4 21.
Ne4 Rf5 22. Nf4 Rhf8 23. Nxe6 Kxe6 24. Ng5+ Kd7 25. Nxh7 R8f7 26. Ng5 Ke8 27.
Nxf7 Kxf7 28. Rf1 Rf6 29. Qd7 Qc3 30. Rde1 Rxf1+ 31. Rxf1+ Bf6 32. Qxb7 Qxe3+
33. Kh1 Qe2 34. Rc1 Nxd4 35. Qxa7 Nf5 36. Qa4 Ne3 37. Qe4 Qd2 38. Rg1 Nd1 0-1

[Event "Frederica Chess IM 2022"]
[Site "Fredericia"]
[Date "2022.05.29"]
[Round "9.4"]
[White "Boe, Mads"]
[Black "Easwaralingam, Adesh"]
[Result "1/2-1/2"]
[WhiteElo "2293"]
[BlackElo "2116"]
[PlyCount "62"]
[EventDate "2022.05.25"]
[EventType "tourn"]
[EventRounds "9"]
[EventCountry "DEN"]

1. d4 Nf6 2. Nf3 d5 3. c4 e6 4. cxd5 exd5 5. Nc3 c6 6. Bg5 h6 7. Bh4 Bf5 8. Qb3
g5 9. Bg3 Qb6 10. e3 Nbd7 11. Be2 Nh5 12. Nd2 Nxg3 13. hxg3 O-O-O 14. Rc1 Kb8
15. Bd1 Re8 16. Kf1 Bg6 17. Qxb6 axb6 18. Bc2 Bxc2 19. Rxc2 f5 20. Nf3 Bd6 21.
a4 Nf6 22. Ke2 Ng4 23. Nh2 Nf6 24. Nf3 Rh7 25. Rcc1 Rhh8 26. Rc2 Kc8 27. Rcc1
Kd7 28. b3 Rh7 29. Rc2 Rhh8 30. Rcc1 Ng4 31. Nh2 Nf6 1/2-1/2

[Event "Frederica Chess IM 2022"]
[Site "Fredericia"]
[Date "2022.05.29"]
[Round "9.5"]
[White "Hilwerda, Jonas"]
[Black "Thorsbro, Peter"]
[Result "1/2-1/2"]
[WhiteElo "2275"]
[BlackElo "2192"]
[PlyCount "62"]
[EventDate "2022.05.25"]
[EventType "tourn"]
[EventRounds "9"]
[EventCountry "DEN"]

1. e4 e5 2. Nf3 Nc6 3. d4 exd4 4. Nxd4 Nf6 5. Nxc6 bxc6 6. e5 Qe7 7. Qe2 Nd5 8.
c4 Nb6 9. Nc3 Qe6 10. Qe4 d5 11. exd6 cxd6 12. Be3 Qxe4 13. Nxe4 f5 14. Nc3 Be6
15. b3 Be7 16. O-O-O O-O 17. g3 d5 18. cxd5 Nxd5 19. Bd4 Ba3+ 20. Kb1 Nxc3+ 21.
Bxc3 f4 22. Bd3 Rad8 23. Be4 Bc5 24. gxf4 Bxf2 25. Be5 Bg4 26. Rxd8 Rxd8 27.
Kc2 c5 28. Bd3 Bd4 29. Re1 Bf2 30. Rh1 Bd4 31. Re1 Bf2 1/2-1/2